[Event "6th EUR-ch (w)"]
[Site "Chisinau MDA"]
[Date "2005.06.18"]
[Round "8"]
[White "Gheorghe, Corina"]
[Black "Van Weersel, Arlette"]
[Result "0-1"]
[WhiteElo "2234"]
[BlackElo "2158"]
[EventDate "2005.06.10"]
[PlyCount "57"]

1.e4 e5 2.Nf3 Nc6 3.d4 exd4 4.Nxd4 Bc5 5.Be3 Qf6 6.c3 Nge7 7.Bc4 Ne5 8.Be2
Qg6 9.O-O d6 10.Kh1 O-O 11.Nd2 f5 12.f4 Nf7 13.Bh5 Qh6 14.Bf3 Bxd4 15.Bxd4
fxe4 16.Bxe4 d5 17.Bd3 Nf5 18.Bxf5 Bxf5 19.Qb3 Qc6 20.Rf3 Rae8 21.Rg3 g6 
22.Nf1 Nd6 23.Re3 Nc4 24.Ree1 Rxe1 25.Rxe1 Be4 26.Kg1 a5 27.a4 b6 28.Rd1 
Bf5 29.Re1 0-1

[Event "6th EUR-ch (w)"]
[Site "Chisinau MDA"]
[Date "2005.06.18"]
[Round "8"]
[White "Makropoulou, Marina"]
[Black "Babei, Angelica"]
[Result "1-0"]
[WhiteElo "2285"]
[BlackElo "1843"]
[EventDate "2005.06.10"]
[PlyCount "49"]

1.e4 c6 2.d4 d5 3.Nc3 dxe4 4.Nxe4 Bf5 5.Ng3 Bg6 6.Bc4 e6 7.N1e2 Nf6 8.h4 
h6 9.Nf4 e5 10.Nxg6 fxg6 11.dxe5 Qa5+ 12.c3 Qxe5+ 13.Qe2 Nbd7 14.Bf4 Qxe2+
15.Nxe2 O-O-O 16.O-O Ne4 17.Rad1 Be7 18.Nd4 Bxh4 19.Nxc6 Rdf8 20.Nxa7+ Kd8
21.g3 Be7 22.Rfe1 Nf6 23.Nb5 g5 24.Bc7+ Kc8 25.Rxe7 1-0

[Event "6th EUR-ch (w)"]
[Site "Chisinau MDA"]
[Date "2005.06.18"]
[Round "8"]
[White "Butuc, Maria"]
[Black "Calotescu, Ana-Cristina"]
[Result "0-1"]
[WhiteElo "2147"]
[BlackElo "2268"]
[EventDate "2005.06.10"]
[PlyCount "112"]

1.e4 c5 2.Nf3 d6 3.d4 Nf6 4.dxc5 Nxe4 5.cxd6 Nxd6 6.Nc3 Nc6 7.Bf4 e6 8.Be2
Be7 9.O-O O-O 10.Qd2 f6 11.Bxd6 Bxd6 12.Ne4 Be7 13.Rad1 Qb6 14.c4 Rd8 15.
Qc2 f5 16.Nc3 Bd7 17.a3 a5 18.Rfe1 Be8 19.Rxd8 Rxd8 20.Rd1 Bf6 21.Rd2 g5 
22.Na4 Rxd2 23.Qxd2 Qd8 24.Qxd8 Nxd8 25.Nc3 g4 26.Nd2 Kf7 27.h3 h5 28.hxg4
hxg4 29.Kf1 b6 30.f3 gxf3 31.Bxf3 Ke7 32.g4 fxg4 33.Bxg4 Bxc3 34.bxc3 Nb7 
35.Ke2 Nc5 36.Ke3 Kd6 37.Ne4+ Nxe4 38.Kxe4 Bg6+ 39.Kd4 e5+ 40.Ke3 Bf7 41.
Be2 Kc5 42.Ke4 Bxc4 43.Bd1 Kd6 44.Bc2 Bd5+ 45.Kd3 Kc5 46.Bd1 Bg2 47.Be2 
Bc6 48.Kc2 Kd5 49.Kd2 Ke4 50.Bd3+ Kf3 51.Be2+ Kf2 52.Bc4 e4 53.Be2 e3+ 54.
Kd3 Bb5+ 55.c4 Bxc4+ 56.Kxc4 Kxe2 0-1

[Event "6th EUR-ch (w)"]
[Site "Chisinau MDA"]
[Date "2005.06.18"]
[Round "8"]
[White "Kuzevanova, Evgenia"]
[Black "Szczepkowska, Karina"]
[Result "1/2-1/2"]
[WhiteElo "2124"]
[BlackElo "2264"]
[EventDate "2005.06.10"]
[PlyCount "121"]

1.e4 e5 2.Nf3 Nc6 3.d4 exd4 4.Nxd4 Nf6 5.Nxc6 bxc6 6.e5 Qe7 7.Qe2 Nd5 8.c4
Ba6 9.g3 O-O-O 10.b3 g5 11.Bg2 Bg7 12.Bb2 Rde8 13.O-O Bxe5 14.Bxe5 Qxe5 
15.Qxe5 Rxe5 16.cxd5 Bxf1 17.Kxf1 cxd5 18.Nc3 c6 19.Re1 Rxe1+ 20.Kxe1 Kc7 
21.Kd2 Kd6 22.Kd3 a5 23.Bh3 h5 24.Bf5 Re8 25.Ne2 Re7 26.f4 gxf4 27.Nxf4 
Ke5 28.Bh3 h4 29.Ne2 hxg3 30.Nxg3 Kf4 31.Ne2+ Kg5 32.Nd4 c5 33.Nf5 Re5 34.
Nd6 Kf6 35.Nb7 d6 36.Bg2 Ke7 37.Nxa5 Kd7 38.a3 Kc7 39.h4 Kb6 40.b4 Rh5 41.
Kc3 Rxh4 42.Bxd5 Rh3+ 43.Kd2 cxb4 44.axb4 Kb5 45.Bxf7 Kxb4 46.Nc4 Kc5 47.
Ne3 Rf3 48.Be6 Kd4 49.Nc2+ Ke5 50.Bg4 Rg3 51.Be2 Ke4 52.Ne1 d5 53.Bd3+ Ke5
54.Be2 Ra3 55.Bd3 d4 56.Bc2 Kf4 57.Nd3+ Kf3 58.Ne1+ Kf2 59.Nd3+ Kf1 60.Nc1
Re3 61.Nb3 1/2-1/2

[Event "6th EUR-ch (w)"]
[Site "Chisinau MDA"]
[Date "2005.06.18"]
[Round "8"]
[White "Lupik, Marina"]
[Black "Laesson, Tuulikki"]
[Result "0-1"]
[WhiteElo "2123"]
[BlackElo "2246"]
[EventDate "2005.06.10"]
[PlyCount "82"]

1.d4 g6 2.c4 f5 3.Nc3 Nf6 4.Bg5 Bg7 5.e3 c6 6.Bd3 d6 7.e4 e5 8.Nf3 h6 9.
Bxf6 Qxf6 10.dxe5 dxe5 11.Qa4 Nd7 12.b4 Nb6 13.Qc2 Be6 14.c5 Nd7 15.Rd1 
O-O 16.Nd2 Qf7 17.a4 f4 18.f3 a5 19.Qb2 Rfb8 20.Rc1 axb4 21.Qxb4 Bf8 22.
Nd1 b6 23.Bc4 Nxc5 24.Qc3 Rd8 25.Nb2 Rd4 26.Nb3 Nxb3 27.Qxb3 Bxc4 28.Nxc4 
b5 29.axb5 cxb5 30.Qxb5 Rxc4 31.O-O Rxc1 32.Rxc1 Re8 33.Rc6 Re6 34.Rc8 
Qa7+ 35.Kf1 Qa6 36.Qxa6 Rxa6 37.g3 g5 38.Rc2 Kf7 39.Kg2 Kf6 40.g4 Ke6 41.
Kf2 Bb4 0-1

[Event "6th EUR-ch (w)"]
[Site "Chisinau MDA"]
[Date "2005.06.18"]
[Round "8"]
[White "Mar, Karmen"]
[Black "Hamelink, Desiree"]
[Result "1-0"]
[WhiteElo "2119"]
[BlackElo "2244"]
[EventDate "2005.06.10"]
[PlyCount "109"]

1.e4 c5 2.Nf3 e6 3.Nc3 Nc6 4.Bb5 Nge7 5.O-O a6 6.Bxc6 Nxc6 7.d4 cxd4 8.
Nxd4 Qc7 9.Nxc6 bxc6 10.Qg4 f6 11.Re1 d6 12.Qg3 Kf7 13.f4 Bb7 14.e5 d5 15.
f5 Bc5+ 16.Kh1 Rae8 17.Bf4 Qd7 18.exf6 gxf6 19.fxe6+ Rxe6 20.Rxe6 Qxe6 21.
Re1 Qd7 22.Qd3 Bc8 23.Ne2 Qf5 24.Qc3 Re8 25.Qxc5 Qxf4 26.Qa7+ Kg8 27.Nxf4 
Rxe1+ 28.Qg1 Rxg1+ 29.Kxg1 Kf7 30.Kf2 Ke7 31.Ke3 Kd6 32.b4 a5 33.bxa5 c5 
34.c3 Ba6 35.h4 Ke5 36.g3 Bb5 37.h5 Bc4 38.a3 Bb5 39.Ng6+ Kf5 40.Ne7+ Ke6 
41.Nc8 Kd7 42.Nb6+ Kd6 43.Kd2 f5 44.c4 dxc4 45.Kc3 Kc7 46.Nxc4 Be8 47.h6 
Kc6 48.a4 Kc7 49.Ne3 Bd7 50.Nd5+ Kd6 51.Nf6 Bxa4 52.Nxh7 Ke7 53.Ng5 Kf6 
54.h7 Kg7 55.a6 1-0

[Event "6th EUR-ch (w)"]
[Site "Chisinau MDA"]
[Date "2005.06.18"]
[Round "8"]
[White "Sirotkina, Nina"]
[Black "Vartic, Irina"]
[Result "1-0"]
[WhiteElo "2206"]
[BlackElo "1948"]
[EventDate "2005.06.10"]
[PlyCount "61"]

1.Nf3 Nf6 2.c4 g6 3.g3 Bg7 4.Bg2 d6 5.d4 O-O 6.O-O Nbd7 7.Nc3 e5 8.b3 exd4
9.Nxd4 Ne5 10.Bb2 a6 11.Qd2 Qe7 12.Rad1 Rb8 13.h3 c5 14.Nc2 Rd8 15.Ne3 Be6
16.f4 Nc6 17.f5 gxf5 18.Nxf5 Bxf5 19.Rxf5 Nd4 20.Rf2 Qe5 21.e3 Bh6 22.exd4
Qe3 23.Qd3 Re8 24.Nd5 Nxd5 25.Bxd5 Qxd3 26.Rxd3 Be3 27.Bxf7+ Kg7 28.Bxe8 
Bxf2+ 29.Kxf2 Rxe8 30.dxc5+ Kf7 31.cxd6 1-0

[Event "6th EUR-ch (w)"]
[Site "Chisinau MDA"]
[Date "2005.06.18"]
[Round "8"]
[White "Grishina, Alexandra"]
[Black "Kalinina, Larisa"]
[Result "1/2-1/2"]
[WhiteElo "2065"]
[BlackElo "2177"]
[EventDate "2005.06.10"]
[PlyCount "80"]

1.d4 d5 2.c4 dxc4 3.Nf3 Nf6 4.Qc2 b5 5.a4 c6 6.g3 e6 7.Bg2 Bb4+ 8.Nc3 Bb7 
9.O-O Bxc3 10.bxc3 O-O 11.Bg5 Nbd7 12.Ne5 Qc7 13.Nxd7 Qxd7 14.Bxf6 gxf6 
15.Qe4 f5 16.Qe3 Kh8 17.Rfd1 a5 18.axb5 cxb5 19.Bxb7 Qxb7 20.d5 exd5 21.
Qe5+ f6 22.Qxf5 Rad8 23.Rxa5 Kg7 24.Qg4+ Kf7 25.Rb1 Qd7 26.Qh5+ Kg8 27.
Raxb5 Qf7 28.Qg4+ Qg6 29.Qe6+ Qf7 30.Qf5 Rd7 31.Rb8 Ra7 32.Rxf8+ Kxf8 33.
Rb8+ Kg7 34.Kh1 Qd7 35.Qb1 Qe7 36.e3 Qe5 37.Rb7+ Rxb7 38.Qxb7+ Kg6 39.Qb4 
Kf5 40.Qb2 Qe4+ 1/2-1/2

[Event "6th EUR-ch (w)"]
[Site "Chisinau MDA"]
[Date "2005.06.18"]
[Round "8"]
[White "Kucherenko, Olena"]
[Black "Foisor, Sabina-Francesca"]
[Result "0-1"]
[WhiteElo "2079"]
[BlackElo "2210"]
[EventDate "2005.06.10"]
[PlyCount "74"]

1.e4 c5 2.Nc3 e6 3.g3 d5 4.exd5 exd5 5.d4 Nf6 6.Bg5 Be6 7.Nge2 Nc6 8.Bg2 
cxd4 9.Nxd4 Bc5 10.Nb3 Bb4 11.O-O Bxc3 12.bxc3 O-O 13.Nc5 Qe7 14.Nxe6 fxe6
15.Re1 h6 16.Bc1 Rae8 17.a4 Rf7 18.Ba3 Qc7 19.Qd3 Ne5 20.Qd4 Nc6 21.Qh4 
Na5 22.Rad1 Nc4 23.Bc1 Qc5 24.g4 Nd6 25.g5 hxg5 26.Bxg5 Nfe4 27.Be3 Qxc3 
28.Re2 b6 29.Bxe4 Nxe4 30.Bd4 Qf3 31.Rd3 Qxe2 32.Rh3 Kf8 33.Rd3 Rf5 34.
Qh8+ Ke7 35.Qxg7+ Rf7 36.Qe5 Qxc2 37.Rc3 Rg8+ 0-1

[Event "6th EUR-ch (w)"]
[Site "Chisinau MDA"]
[Date "2005.06.18"]
[Round "8"]
[White "Golubenko, Valentina"]
[Black "Talmazan, Olga"]
[Result "1-0"]
[WhiteElo "2171"]
[BlackElo "2013"]
[EventDate "2005.06.10"]
[PlyCount "95"]

1.d4 d5 2.c4 c6 3.Nf3 Nf6 4.Nc3 a6 5.e3 b5 6.c5 Bg4 7.Be2 Nbd7 8.O-O g6 9.
Qb3 Bg7 10.a4 O-O 11.h3 Bxf3 12.Bxf3 e5 13.Qa3 Qb8 14.Na2 Qb7 15.Bd2 Ne4 
16.Bxe4 dxe4 17.Qc3 exd4 18.exd4 Rfe8 19.Nb4 a5 20.Nc2 b4 21.Qb3 Nf8 22.
Be3 Rad8 23.f3 Qd7 24.Bg5 Qd5 25.Qxd5 Rxd5 26.Be3 exf3 27.Rxf3 Ne6 28.Raf1
f5 29.Rd1 Nxc5 30.Ra1 Ne6 31.Rc1 b3 32.Ne1 Nxd4 33.Bxd4 Bxd4+ 34.Kh1 Be3 
35.Rb1 g5 36.Rf1 g4 37.hxg4 fxg4 38.g3 Re6 39.Ng2 Rh6+ 40.Nh4 Bg5 41.Kg2 
Rd2+ 42.Rf2 Bxh4 43.Rxd2 Be7 44.Rf1 Rf6 45.Rd3 Rxf1 46.Kxf1 Kf7 47.Rxb3 
Bb4 48.Rxb4 1-0

[Event "6th EUR-ch (w)"]
[Site "Chisinau MDA"]
[Date "2005.06.18"]
[Round "8"]
[White "Foisor, Mihaela-Veronica"]
[Black "Coimbra, Margarida"]
[Result "1/2-1/2"]
[WhiteElo "1930"]
[BlackElo "2098"]
[EventDate "2005.06.10"]
[PlyCount "56"]

1.d4 d5 2.c4 c6 3.e3 Nf6 4.Nc3 e6 5.Nf3 Nbd7 6.Qc2 Bd6 7.b3 O-O 8.Be2 Re8 
9.O-O dxc4 10.bxc4 e5 11.Rd1 Qe7 12.a4 e4 13.Nd2 Nf8 14.h3 Ng6 15.Qb3 c5 
16.Nb5 cxd4 17.exd4 a6 18.Nxd6 Qxd6 19.Nf1 Nf4 20.Ng3 Nxe2+ 21.Nxe2 Rd8 
22.Bf4 Qe7 23.Rab1 a5 24.Nc3 Ra6 25.Nb5 Nh5 26.Bc7 Rd7 27.Be5 Rg6 28.Qe3 
Rd8 1/2-1/2

[Event "6th EUR-ch (w)"]
[Site "Chisinau MDA"]
[Date "2005.06.18"]
[Round "8"]
[White "Cicariova, Elena"]
[Black "Vetrila, Sanda"]
[Result "1/2-1/2"]
[WhiteElo "2081"]
[BlackElo "1911"]
[EventDate "2005.06.10"]
[PlyCount "68"]

1.c4 c6 2.e4 d5 3.exd5 cxd5 4.d4 Nf6 5.Nc3 e6 6.Nf3 Bb4 7.cxd5 exd5 8.Bb5+
Bd7 9.O-O Bxc3 10.Bxd7+ Nbxd7 11.bxc3 O-O 12.Qb3 Qc7 13.a4 Rac8 14.Bb2 Nb6
15.Rfe1 Ne4 16.Ne5 Nc4 17.Nxc4 Qxc4 18.Qd1 Nxc3 19.Qg4 f5 20.Qf3 Nxa4 21.
Ba3 Rfe8 22.Qxf5 Qxd4 23.Qd7 Red8 24.Qxb7 Rc2 25.Rf1 Rxf2 26.Kh1 Qf6 27.
Rg1 Qf7 28.Qb3 Nb6 29.Bc5 Rf6 30.Bd4 Rc6 31.Rgf1 Qc7 32.Qa3 Rc4 33.Qe3 Rc6
34.Rae1 h6 1/2-1/2

[Event "6th EUR-ch (w)"]
[Site "Chisinau MDA"]
[Date "2005.06.18"]
[Round "8"]
[White "Harbuz, Daniela"]
[Black "Iurascu, Mihaela"]
[Result "0-1"]
[WhiteElo "2040"]
[BlackElo "1906"]
[EventDate "2005.06.10"]
[PlyCount "116"]

1.e4 c6 2.d3 d5 3.Nd2 e5 4.Ngf3 Bd6 5.g3 Nf6 6.Bg2 O-O 7.O-O Nbd7 8.Re1 
Re8 9.c3 Qc7 10.Qc2 a5 11.Nf1 dxe4 12.dxe4 Bf8 13.h3 b5 14.Be3 Ba6 15.N1d2
c5 16.c4 b4 17.Nh2 Nh5 18.Qd1 g6 19.Ng4 Nb8 20.Bf3 Nc6 21.Nh6+ Bxh6 22.
Bxh6 Ng7 23.Bg2 Ne6 24.Qg4 Ncd4 25.Rac1 Bc8 26.Qh4 Qd8 27.Qxd8 Rxd8 28.Nf1
a4 29.f4 f6 30.Ne3 Nf8 31.fxe5 fxe5 32.Bg5 Rd6 33.Nd5 Nd7 34.Be7 Rc6 35.
Kh2 b3 36.a3 Ba6 37.Rc3 Rb8 38.h4 Nb6 39.Bf1 Nxc4 40.Nf6+ Kf7 41.Nd7 Rbc8 
42.Bxc4+ Bxc4 43.Nxe5+ Kxe7 44.Nxc4 Rf6 45.Kh3 Rf2 46.Nb6 Rc6 47.Nxa4 Rc2 
48.Rb1 Ke6 49.Rd3 Ke5 50.Nc3 Rf6 51.Re3 Rff2 52.Nd1 Rh2+ 53.Kg4 Ne6 54.Re1
h5+ 55.Kf3 c4 56.Nc3 Nd4+ 57.Ke3 Rcd2 58.Rbd1 Nc2+ 0-1

[Event "6th EUR-ch (w)"]
[Site "Chisinau MDA"]
[Date "2005.06.18"]
[Round "8"]
[White "Bulmaga, Irina"]
[Black "Ankerst, Milka"]
[Result "1/2-1/2"]
[WhiteElo "2046"]
[BlackElo "2124"]
[EventDate "2005.06.10"]
[PlyCount "135"]

1.e4 c5 2.Nf3 g6 3.c3 Bg7 4.d4 cxd4 5.cxd4 d6 6.h3 Nc6 7.Nc3 Nf6 8.Be3 O-O
9.Be2 Bd7 10.O-O Qa5 11.d5 Ne5 12.Nxe5 dxe5 13.Qd2 Rac8 14.Rfd1 Ne8 15.
Rac1 Nd6 16.b3 a6 17.f3 Rfd8 18.Qb2 Re8 19.Bf1 Bb5 20.b4 Qd8 21.Nxb5 axb5 
22.Rxc8 Qxc8 23.Rc1 Qd7 24.Bc5 Ra8 25.Bxd6 exd6 26.Qe2 Bh6 27.Rc2 Ra4 28.
Qxb5 Be3+ 29.Kh2 Qxb5 30.Bxb5 Rxb4 31.a4 Bc5 32.Re2 Kg7 33.g4 h6 34.Bd7 
Kf6 35.Kg3 Ke7 36.Bb5 Rb1 37.Ra2 Rb3 38.Kg2 Kf6 39.Bd7 h5 40.gxh5 gxh5 41.
Kg3 Kg5 42.Bf5 h4+ 43.Kg2 Kf4 44.Bg4 Rb1 45.Kh2 Bb4 46.Kg2 Ke3 47.a5 Bc3 
48.Bc8 Rb5 49.a6 bxa6 50.Bxa6 Rb8 51.Re2+ Kf4 52.Rc2 Rg8+ 53.Kh2 Ra8 54.
Bb7 Rb8 55.Bc6 Be1 56.Re2 Bg3+ 57.Kg2 Rb3 58.Bd7 Rxf3 59.Bf5 Rd3 60.Bh7 
Rd1 61.Bf5 Rxd5 62.exd5 Kxf5 63.Kf3 Kg5 64.Rc2 f5 65.Rc8 e4+ 66.Ke3 Bh2 
67.Rg8+ Kf6 68.Re8 1/2-1/2

[Event "6th EUR-ch (w)"]
[Site "Chisinau MDA"]
[Date "2005.06.18"]
[Round "8"]
[White "Vasilieva, Maria"]
[Black "Baciu, Diana"]
[Result "1-0"]
[WhiteElo "2124"]
[BlackElo "1870"]
[EventDate "2005.06.10"]
[PlyCount "63"]

1.d4 Nf6 2.Nf3 e6 3.c4 d5 4.Nc3 Nbd7 5.Bg5 c6 6.e3 Qa5 7.Bxf6 Nxf6 8.Nd2 
Bb4 9.Qc2 Ne4 10.Ndxe4 dxe4 11.Be2 f5 12.O-O O-O 13.c5 Bxc3 14.Qxc3 Qxc3 
15.bxc3 b6 16.Rfd1 Bb7 17.Rab1 b5 18.c4 b4 19.Rxb4 Ba6 20.Ra4 Bb7 21.Rb1 
Rf7 22.f3 exf3 23.Bxf3 Rd7 24.Rab4 Ba6 25.Bxc6 Rad8 26.Bxd7 Rxd7 27.Ra4 
Bc8 28.Rb8 Rc7 29.Ra8 Kf7 30.R4xa7 Rxa7 31.Rxa7+ Kf6 32.c6 1-0

[Event "6th EUR-ch (w)"]
[Site "Chisinau MDA"]
[Date "2005.06.20"]
[Round "9"]
[White "Zayats, Elena"]
[Black "Lahno, Kateryna"]
[Result "1/2-1/2"]
[WhiteElo "2398"]
[BlackElo "2467"]
[EventDate "2005.06.10"]
[PlyCount "142"]

1.d4 Nf6 2.c4 g6 3.Nc3 Bg7 4.e4 d6 5.Be2 O-O 6.Bg5 c6 7.Qd2 a6 8.Nf3 b5 9.
a3 bxc4 10.e5 dxe5 11.Nxe5 Be6 12.Rd1 Nd5 13.Nxc4 Nd7 14.O-O Qc7 15.Rfe1 
N7f6 16.Nxd5 cxd5 17.Qa5 Qb8 18.Nb6 Ra7 19.Na4 Ne4 20.Bc1 Bd7 21.f3 Nd6 
22.Nc5 Bb5 23.Bf4 Qa8 24.a4 Bxe2 25.Rxe2 Qc6 26.Bg3 Nc4 27.Qe1 Bxd4+ 28.
Rxd4 Qxc5 29.Bf2 Rb7 30.Rd3 Qb4 31.Qxb4 Rxb4 32.b3 Na5 33.Be1 Rxb3 34.Rxd5
Nc6 35.Rc5 Nd4 36.Rxe7 Rb1 37.Re4 Rd8 38.Rc4 Nf5 39.Rc2 Nd6 40.Ree2 Ra1 
41.Rcd2 Kg7 42.a5 Ra3 43.Kf2 Nb7 44.Rxd8 Nxd8 45.Rb2 Nc6 46.Rb6 Nxa5 47.
Rxa6 Nc4 48.Rxa3 Nxa3 49.Bc3+ f6 50.g4 Kf7 51.h4 Nc4 52.Bd4 Ke6 53.Kg3 Ne5
54.Kf4 Nc6 55.Bb2 Ne7 56.Ke4 Nd5 57.f4 f5+ 58.gxf5+ gxf5+ 59.Kf3 Kf7 60.
Be5 Kg6 61.Bd4 Kh5 62.Kg3 Nc7 63.Be5 Ne6 64.Bd6 Kg6 65.Kf3 Ng7 66.Be5 Nh5 
67.Bd4 Nf6 68.Bxf6 Kxf6 69.Ke3 Ke6 70.Kd4 Kd6 71.Kc4 Kc6 1/2-1/2

[Event "6th EUR-ch (w)"]
[Site "Chisinau MDA"]
[Date "2005.06.20"]
[Round "9"]
[White "Kosintseva, Nadezhda"]
[Black "Kachiani-Gersinska, Ketino"]
[Result "1-0"]
[WhiteElo "2459"]
[BlackElo "2418"]
[EventDate "2005.06.10"]
[PlyCount "53"]

1.e4 c6 2.d4 d5 3.e5 Bf5 4.Nc3 h5 5.Bd3 Bxd3 6.Qxd3 e6 7.Nf3 Nd7 8.O-O Be7
9.Ne2 Nh6 10.b3 Nf8 11.c4 Qd7 12.c5 Nf5 13.Bd2 h4 14.b4 Ng6 15.g4 hxg3 16.
fxg3 f6 17.exf6 gxf6 18.Rae1 a5 19.g4 Nfh4 20.Nxh4 Nxh4 21.Nf4 e5 22.dxe5 
Qxg4+ 23.Kh1 O-O-O 24.exf6 Bxf6 25.b5 cxb5 26.c6 Ng6 27.Nxg6 1-0

[Event "6th EUR-ch (w)"]
[Site "Chisinau MDA"]
[Date "2005.06.20"]
[Round "9"]
[White "Javakhishvili, Lela"]
[Black "Grabuzova, Tatiana"]
[Result "1/2-1/2"]
[WhiteElo "2430"]
[BlackElo "2327"]
[EventDate "2005.06.10"]
[PlyCount "93"]

1.d4 e6 2.c4 f5 3.g3 Nf6 4.Bg2 c6 5.Nf3 d5 6.O-O Bd6 7.Nc3 O-O 8.Qc2 Ne4 
9.Rb1 Qe7 10.b4 Bd7 11.c5 Bc7 12.Ne5 Be8 13.Nxe4 Bxe5 14.Bg5 Qc7 15.dxe5 
fxe4 16.Qc3 Bg6 17.Rb2 Na6 18.Be3 Qd7 19.a4 Nc7 20.Rd2 a6 21.f3 Qe7 22.Bd4
Rf7 23.h3 Raf8 24.Qe3 h6 25.Rdd1 Kh8 26.Bb2 Kg8 27.Qd4 Kh8 28.Kh2 Kg8 29.
Bc3 exf3 30.exf3 Bc2 31.Ra1 Qg5 32.Bd2 Qe7 33.Be3 Kh8 34.Bg1 Kg8 35.Qc3 
Bg6 36.Bd4 Kh8 37.Rf2 Kg8 38.Bf1 Kh8 39.Be2 Kg8 40.Raf1 Kh8 41.Bd3 Bxd3 
42.Qxd3 Qg5 43.f4 Qf5 44.Qd2 h5 45.Qd1 Kg8 46.Qe2 Qg6 47.Qd2 1/2-1/2

[Event "6th EUR-ch (w)"]
[Site "Chisinau MDA"]
[Date "2005.06.20"]
[Round "9"]
[White "Vasylevich, Tatiana"]
[Black "Arakhamia-Grant, Ketevan"]
[Result "0-1"]
[WhiteElo "2395"]
[BlackElo "2452"]
[EventDate "2005.06.10"]
[PlyCount "96"]

1.d4 Nf6 2.c4 g6 3.f3 c5 4.d5 d6 5.Nc3 Bg7 6.e4 O-O 7.Nge2 e6 8.Ng3 exd5 
9.cxd5 h5 10.Bg5 Qb6 11.Qb3 Qc7 12.Be2 a6 13.O-O Nh7 14.Be3 h4 15.Nh1 f5 
16.exf5 Bxf5 17.Nf2 Nd7 18.Nce4 Rae8 19.Rfe1 Ndf6 20.Bd3 b5 21.Nxf6+ Nxf6 
22.Bxf5 gxf5 23.Rad1 Qb7 24.Bf4 c4 25.Qc2 Rxe1+ 26.Rxe1 Qxd5 27.Rd1 Qe6 
28.Bxd6 Rd8 29.Bf4 Rxd1+ 30.Qxd1 Nd5 31.Bc1 Bd4 32.g4 Qe5 33.Qd2 fxg4 34.
fxg4 h3 35.Qg5+ Qxg5 36.Bxg5 Bxb2 37.Kf1 Nb4 38.Nxh3 Nxa2 39.Nf2 Nb4 40.
Ke2 a5 41.Bd2 Nc6 42.Ne4 b4 43.Kd1 Be5 44.h4 a4 45.Kc1 c3 46.Be3 b3 47.Nc5
b2+ 48.Kb1 Nb4 0-1

[Event "6th EUR-ch (w)"]
[Site "Chisinau MDA"]
[Date "2005.06.20"]
[Round "9"]
[White "Mkrtchian, Lilit"]
[Black "Dzagnidze, Nana"]
[Result "1-0"]
[WhiteElo "2400"]
[BlackElo "2482"]
[EventDate "2005.06.10"]
[PlyCount "159"]

1.c4 Nf6 2.Nc3 c5 3.Nf3 b6 4.e4 d6 5.d4 cxd4 6.Nxd4 Bb7 7.f3 e6 8.Be2 Be7 
9.O-O O-O 10.Be3 Nbd7 11.Qd2 Ne5 12.Rfd1 a6 13.Rac1 Rc8 14.b3 Qc7 15.Bf1 
Qb8 16.Qf2 Nfd7 17.Kh1 Bf6 18.Qg3 Ng6 19.Nde2 Be5 20.f4 Bf6 21.f5 Be5 22.
Qh3 exf5 23.exf5 Ne7 24.Nd4 Nf6 25.Nf3 Bxc3 26.Rxc3 Be4 27.Bd4 Bxf5 28.Qg3
Ne8 29.Re3 Ng6 30.Qg5 Be6 31.Bd3 h6 32.Qg3 Ne7 33.Rde1 Nc6 34.Bb2 d5 35.
Qxb8 Rxb8 36.cxd5 Bxd5 37.Ba3 Nc7 38.Bxf8 Kxf8 39.Ne5 Nxe5 40.Rxe5 Rd8 41.
Rc1 Be6 42.Bf1 Rd7 43.Kg1 Ke7 44.g3 Kf6 45.Ree1 Nb5 46.Bxb5 axb5 47.Red1 
Ra7 48.Rd2 Ke5 49.Kf2 Bd5 50.Rc8 Re7 51.Rd8 Be4 52.R8d7 Rxd7 53.Rxd7 Ke6 
54.Rd4 Bd5 55.Rb4 Bc6 56.Ke3 Kd6 57.Rf4 Bd5 58.Kd4 Be6 59.Rf1 h5 60.Re1 f6
61.Kc3 Bd7 62.Rd1+ Kc6 63.h4 g6 64.Rf1 Bf5 65.Kb4 Kd5 66.Rf4 Kc6 67.Rf3 
Kd5 68.Kxb5 Ke4 69.Rf4+ Ke5 70.Kxb6 g5 71.hxg5 fxg5 72.Rf2 h4 73.gxh4 gxh4
74.a4 h3 75.a5 Be4 76.Rh2 Bg2 77.a6 Kf4 78.a7 Kg3 79.Rxh3+ Kxh3 80.b4 1-0

[Event "6th EUR-ch (w)"]
[Site "Chisinau MDA"]
[Date "2005.06.20"]
[Round "9"]
[White "Gaponenko, Inna"]
[Black "Dembo, Yelena"]
[Result "1/2-1/2"]
[WhiteElo "2482"]
[BlackElo "2402"]
[EventDate "2005.06.10"]
[PlyCount "88"]

1.e4 c5 2.Nf3 Nc6 3.d4 cxd4 4.Nxd4 Nf6 5.Nc3 d6 6.Bg5 e6 7.Qd2 Be7 8.O-O-O
O-O 9.f4 Nxd4 10.Qxd4 h6 11.Bh4 Qa5 12.Bc4 e5 13.fxe5 dxe5 14.Qd3 Qc5 15.
Bxf6 Bxf6 16.Kb1 Bg4 17.Rdf1 Be6 18.Nd5 Bh4 19.g3 Bd8 20.h3 a6 21.a3 b5 
22.Bb3 a5 23.Rf3 Rc8 24.g4 a4 25.Ba2 Bxd5 26.Bxd5 Bg5 27.h4 Bf4 28.g5 Kh8 
29.gxh6 g6 30.c3 Rcd8 31.Qf1 Kh7 32.Qf2 Qxf2 33.Rxf2 Rd6 34.Rf3 Kxh6 35.
Kc2 Kg7 36.b3 f5 37.Rd3 Bh6 38.bxa4 bxa4 39.Rb1 fxe4 40.Rb7+ Kh8 41.Bxe4 
Rf2+ 42.Kb1 Rf1+ 43.Kc2 Rf2+ 44.Kb1 Rf1+ 1/2-1/2

[Event "6th EUR-ch (w)"]
[Site "Chisinau MDA"]
[Date "2005.06.20"]
[Round "9"]
[White "Cmilyte, Viktorija"]
[Black "Korbut, Ekaterina"]
[Result "1-0"]
[WhiteElo "2459"]
[BlackElo "2399"]
[EventDate "2005.06.10"]
[PlyCount "119"]

1.d4 d5 2.c4 dxc4 3.e4 e5 4.Nf3 exd4 5.Bxc4 Nc6 6.O-O Be6 7.Bxe6 fxe6 8.
Qb3 Qd7 9.Qxb7 Rb8 10.Qa6 Nf6 11.Qd3 Bd6 12.Nbd2 O-O 13.h3 e5 14.Nc4 Nb4 
15.Qb3 Nbd5 16.Qd1 Nxe4 17.Nfxe5 Bxe5 18.Nxe5 Qe6 19.Qxd4 Rb4 20.Nc4 Ng3 
21.fxg3 Rxf1+ 22.Kxf1 Rxc4 23.Qd3 c5 24.Bd2 Rd4 25.Qe2 Re4 26.Qf3 h6 27.
Rc1 Re5 28.g4 Ne3+ 29.Bxe3 Rxe3 30.Qf2 Qe4 31.Rd1 Qe7 32.b3 Re6 33.Qd2 
Qf8+ 34.Kg1 Rf6 35.g5 hxg5 36.Qd5+ Kh7 37.Qxg5 Qe7 38.Qh4+ Kg8 39.Qc4+ Kh7
40.Qh4+ Kg8 41.Qc4+ Kh7 42.Rd5 Qe1+ 43.Kh2 Rf1 44.Rh5+ Kg6 45.Qg4+ Kf6 46.
Qh4+ Qxh4 47.Rxh4 Re1 48.Rf4+ Kg6 49.Ra4 Re7 50.Ra6+ Kh7 51.Kg3 Rc7 52.Ra4
Re7 53.h4 Kg8 54.Kg4 Rd7 55.Kf5 Kf7 56.g4 Ke7 57.h5 Kf8 58.Ke6 Ke8 59.Ra5 
c4 60.bxc4 1-0

[Event "6th EUR-ch (w)"]
[Site "Chisinau MDA"]
[Date "2005.06.20"]
[Round "9"]
[White "Matveeva, Svetlana"]
[Black "Lomineishvili, Maia"]
[Result "1-0"]
[WhiteElo "2423"]
[BlackElo "2396"]
[EventDate "2005.06.10"]
[PlyCount "79"]

1.d4 Nf6 2.c4 g6 3.Nc3 Bg7 4.Nf3 O-O 5.g3 c5 6.Bg2 cxd4 7.Nxd4 Qc7 8.Qd3 
Nc6 9.Ndb5 Qd8 10.Na3 d6 11.O-O Be6 12.e4 Nd7 13.Be3 Rc8 14.Qd2 Nce5 15.b3
Qa5 16.Nd5 Qxa3 17.Nxe7+ Kh8 18.Nxc8 Rxc8 19.f4 Ng4 20.Bd4 f5 21.exf5 Bxf5
22.Bxb7 Rb8 23.Rfe1 Nde5 24.Bd5 Nd3 25.Bxg7+ Kxg7 26.Re7+ Kh6 27.h3 Ngf2 
28.Qc3 Nxh3+ 29.Kh2 Qb2+ 30.Qxb2 Nxb2 31.Kg2 g5 32.Be6 Nxf4+ 33.gxf4 Be4+ 
34.Kg3 Nd3 35.f5 Rf8 36.Rf1 Nc5 37.f6 Kg6 38.Rg7+ Kh6 39.Bf5 Rh8 40.Rf2 
1-0

[Event "6th EUR-ch (w)"]
[Site "Chisinau MDA"]
[Date "2005.06.20"]
[Round "9"]
[White "Zdebskaya, Natalia"]
[Black "Zielinska, Marta"]
[Result "1-0"]
[WhiteElo "2344"]
[BlackElo "2419"]
[EventDate "2005.06.10"]
[PlyCount "81"]

1.e4 e6 2.d4 d5 3.Nc3 Nc6 4.e5 f6 5.exf6 Nxf6 6.Nf3 Bd6 7.Bg5 O-O 8.Qd2 
Qe8 9.Bb5 Bd7 10.Bxc6 bxc6 11.Ne5 Rb8 12.Rb1 c5 13.Bxf6 gxf6 14.Nxd7 Qxd7 
15.dxc5 Bxc5 16.O-O Qf7 17.Rfe1 Rb4 18.g3 f5 19.a3 Rg4 20.Qe2 d4 21.b4 Bd6
22.Nb5 e5 23.Nxa7 h5 24.Nb5 h4 25.Nxd6 cxd6 26.b5 Rg7 27.b6 f4 28.g4 f3 
29.Qe4 Qd7 30.Kh1 Rf4 31.b7 Rxe4 32.b8=Q+ Kh7 33.Rxe4 Qc6 34.Rbe1 Qxc2 35.
Qb1 Qxb1 36.Rxb1 h3 37.Kg1 Rc7 38.Kf1 Kg7 39.Rb3 Rf7 40.a4 Kg6 41.a5 1-0

[Event "6th EUR-ch (w)"]
[Site "Chisinau MDA"]
[Date "2005.06.20"]
[Round "9"]
[White "Khurtsidze, Nino"]
[Black "Peng Zhaoqin"]
[Result "0-1"]
[WhiteElo "2418"]
[BlackElo "2392"]
[EventDate "2005.06.10"]
[PlyCount "72"]

1.d4 d5 2.Nf3 c5 3.g3 cxd4 4.Nxd4 e5 5.Nb3 Nc6 6.Bg2 Be6 7.O-O h6 8.Nc3 
Nf6 9.f4 exf4 10.Bxf4 Bb4 11.Qd3 O-O 12.Rad1 Re8 13.Kh1 Qe7 14.h3 Rac8 15.
Nb5 Qd7 16.g4 Be7 17.a3 a6 18.N5d4 Red8 19.c3 Ne4 20.Nxc6 Qxc6 21.Nd4 Qb6 
22.Be5 Bh4 23.Qf3 Bg5 24.Qd3 Re8 25.Nxe6 Rxe6 26.Bd4 Qd6 27.Kg1 Rce8 28.
Rf5 Bd8 29.c4 Bc7 30.Bf2 Qh2+ 31.Kf1 Nxf2 32.Rxf2 Bb6 33.e3 dxc4 34.Qf5 
Rf6 35.Qd7 Rxf2+ 36.Kxf2 Bxe3+ 0-1

[Event "6th EUR-ch (w)"]
[Site "Chisinau MDA"]
[Date "2005.06.20"]
[Round "9"]
[White "Shumiakina, Tatiana"]
[Black "Kononenko, Tatiana"]
[Result "1/2-1/2"]
[WhiteElo "2316"]
[BlackElo "2416"]
[EventDate "2005.06.10"]
[PlyCount "56"]

1.d4 d5 2.c4 c6 3.Nf3 Nf6 4.Nc3 dxc4 5.a4 Bf5 6.Ne5 Nbd7 7.Nxc4 Nb6 8.Ne5 
a5 9.g3 e6 10.Bg2 Bb4 11.O-O O-O 12.e3 h6 13.Qe2 Nfd7 14.Nxd7 Nxd7 15.e4 
Bh7 16.Be3 Qe7 17.Rfd1 Rfd8 18.Rac1 Rac8 19.f4 c5 20.d5 Nb6 21.Qb5 exd5 
22.Qxb6 d4 23.Bf2 dxc3 24.bxc3 Ba3 25.Rb1 Rxd1+ 26.Rxd1 Bxe4 27.Bxe4 Qxe4 
28.Qxa5 c4 1/2-1/2